000 00987cam a2200241 4500
001 J113446
008 000000n2001 000 0 eng u
035 _a(Sirsi) u113446
050 _a692.8
110 _aNational Federation of Builders
_94086
245 _aGuide to payments and dispute resolution.
260 _aLondon
_bNational Federation of Builders
_b2001
300 _a32p. ; 30cm.
350 _a34.95
520 _aProduced in association with Grant Thornton, Bevan Ashford and Bank of Ireland.
650 _aBUILT ENVIRONMENT-BUILDING CONTRACT FORMS
650 _aALTERNATIVE DISPUTE RESOLUTION
650 _aMANAGEMENT-DISPUTE AVOIDANCE, MANAGEMENT AND RESOLUTION-DISPUTE MANAGEMENT AND RESOLUTION-ALTERNATIVE DISPUTE RESOLUTION-ADJUDICATION
650 _aMANAGEMENT-DISPUTE AVOIDANCE, MANAGEMENT AND RESOLUTION-DISPUTE MANAGEMENT AND RESOLUTION-ARBITRATION
650 _aInsolvency
_96247
690 _aBUILT ENVIRONMENT-BUILDING CONTRACT FORMS
942 _n0
999 _c101523
_d101523